Ausgestorbene Tiere Ozeaniens - Karten Quiz - Statistiken

Allgemein
  • Dieses Quiz wurde 23 mal gespielt
  • Das Durchschnittsergebnis liegt bei 4 aus 13
Antworten auf der Karte
Die Antworten werden auf der Karte rot bzw. grün angezeigt, abhängig davon wie oft sie richtig erraten wurden.
 
Antwortstatistiken
Antwort % Korrekt
Beutelwolf (1936)
94%
Kleiner Moa (15. Jh.)
71%
Fidschi-Ralle (1973)
65%
Kiritimati-Südseeläufer (19. Jh.)
47%
Kleiner Palau-Flughund (um 1874)
41%
Kleiner Samoa-Flugfuchs (nach 1856)
29%
Guadalcanal-Riesenratte (nach 1888)
24%
Tongatapu-Ralle (nach 1777)
24%
Tahiti-Südseeläufer (1819)
18%
Emma-Riesenratte (nach 1946)
12%
Tanna-Erdtaube (frühes 19. Jh.)
12%
Pelzelnstar (1995)
6%
Schwarzrücken-Höhlenschwalm (1960)
6%
Keine übereinstimmenden Quizze gefunden
Verteilung der Resultate
Anzahl Personen mit jedem Resultat
Perzentil nach korrekt beantworteten Fragen
Ihre Resultats-Entwicklung
Sie haben dieses Quiz noch nicht gespielt